000 00939cab a2200205 4500
001 ABS49060
008 090401t1993 xxu||||| |||| 00| 0 eng d
035 _a(Sirsi) u69704
041 _aeng
245 _aTinsley v Milligan
260 _c1993
350 _a0
490 _aWeekly Law Reports
_v(1993) WLR 126-153(28)
520 _aHL 24 June 1993. The parties were joint owners of a house, registered solely in T`s name to facilitate a DSS fraud by M. Following an argument, T moved out, claimed possession and gave M notice to quit . T`s reliance on the illegality of the arrangement to prevent a successful defence was thwarted in the courts. HL upheld earlier decisions that the fraud was not sufficient to undermine M`s claim for a half share in her house. (see Abs46470)
650 _aILLEGAL CONTRACT
650 _aILLEGAL TRANSACTION
690 _aPROPERTY LAW AND PRACTICE-CASE LAW
942 _n0
948 _c04/03/1997
999 _c43804
_d43804